000 00647nam a2200181 i 4500
001 78896
003 ES-MaACL
005 20230906173839.0
007 t|
008 041018s1952 ag ||||1| spa d
100 1 _aHelman, Mauricio B.
_962466
245 1 0 _aOvinotecnia /
_cMauricio B. Helman.
250 _a[1ª ed.].
260 _aBuenos Aires :
_bEl Ateneo,
_c[1952] (
_fF. y M. Mercatali)
300 _a3 t. :
_bil. ;
_c27 cm.
505 8 _aContiene: T. I: Exterior y razas. -- T. II: Cría y explotación de ovinos. -- T. III: Producción, comercio e industrialización de ovinos y sus productos
852 _aES-MaACL
_jC-14130-32
_bR.41732
999 _c78896
_d78896